| 000 | 01234cam a22001935a 4500 | ||
|---|---|---|---|
| 001 | L157346 | ||
| 008 | 121030s2012 xxk f 000 0 eng d | ||
| 035 | _a(Sirsi) u157346 | ||
| 041 | 0 | _aeng | |
| 110 | 2 |
_aNational Housing Federation _9695 |
|
| 245 | 0 | 0 |
_aHome truths 2012 _bThe housing market in England _h[electronic resource] |
| 260 |
_aLondon _bNational Housing Federation _c2012 |
||
| 520 | _aIdentifies the cause and effect of housing shortages in England including an imbalance of supply and demand, funding and affordability issues, soaring house prices leading to greater demand on the private rented sector and lack of available land for housing development. Recommendations to reduce shortages include the release of publically owned land including brown field sites to housing associations and long term investment in social housing. Compares house prices and rental levels in both the social and private rented sectors, affordability ratios and house price increases from 2012?2018 | ||
| 590 | _aKA | ||
| 651 | 4 | _aEngland | |
| 690 |
_aResidential property _96266 |
||
| 856 | 4 | 0 |
_uhttps://www.housing.org.uk/PDF/HomeTruths2012_England.pdf _zView the item free of charge from the www.housing.org.uk website |
| 942 | _n0 | ||
| 999 |
_c114732 _d114732 |
||